Risk management: Concepts and guidance (Record no. 396886)

MARC details
000 -LEADER
fixed length control field 00585 a2200229 4500
005 - DATE & TIME
control field 20260318090601.0
008 - FIXED-LENGTH DATA ELEMENTS--GENERAL INFORMATION
fixed length control field 260317b |||||||| |||| 00| 0 eng d
020 ## - ISBN
International Standard Book Number 9780367241278
Price Rs. 3495.00
040 ## - CATALOGING SOURCE
Original cataloging agency VIVEKANANDA LIBRARY
082 ## - DDC NUMBER
Classification number 658.155
Book Number P939R(5)
100 ## - MAIN ENTRY--PERSONAL NAME
Personal name Pritchard, Carl L
110 ## - MAIN ENTRY--CORPORATE NAME
Corporate name
245 ## - TITLE STATEMENT
Title Risk management: Concepts and guidance
250 ## - EDITION STATEMENT
Edition statement 5th
260 ## - PUBLICATION, DISTRIBUTION, ETC. (IMPRINT)
Name of publisher, distributor, etc CRC Press
Date of publication, distribution, etc 2025
Place of publication, distribution, etc Boca Raton
300 ## - PHYSICAL DESCRIPTION
Pages xxxi, 442
650 ## - Subject
Subject Management
650 ## - Subject
Subject General Management
650 ## - Subject
Subject Financial Management
650 ## - Subject
Subject Risk Management
942 ## - ADDED ENTRY ELEMENTS (KOHA)
Koha item type Books
Holdings
Withdrawn status Lost status Source of classification or shelving scheme Damaged status Not for loan Location (home branch) Sublocation or collection (holding branch) Shelving location Date acquired Koha issues (times borrowed) Koha full call number Accession No. Koha date last seen Koha item type
    Dewey Decimal Classification     VIVEKANANDA LIBRARY VIVEKANANDA LIBRARY IMSAR Library 17/02/2026   658.155 P939R (5) 420861 17/02/2026 Books
© Designed and Maintained by Vivekananda Library, MDU Rohtak